[Event "Barcelona Catalunya op 26th"]
[Site "Barcelona"]
[Date "2014.11.29"]
[Round "9"]
[White "Fernandez Benito, Carlos Pablo"]
[Black "Brunet Gil, Pol"]
[Result "0-1"]
[WhiteElo "1841"]
[BlackElo "1880"]
[PlyCount "124"]
[EventDate "2014.09.27"]
[EventType "swiss"]
[EventRounds "9"]
[EventCountry "ESP"]
[SourceTitle "EXT 2017"]
[Source "ChessBase"]
[SourceDate "2016.10.25"]
[SourceVersion "1"]
[SourceVersionDate "2016.10.25"]
[SourceQuality "1"]

1. d4 d5 2. Nf3 Nf6 3. e3 e6 4. Bd3 c5 5. b3 Nc6 6. a3 Bd6 7. Nbd2 0-0 8. Bb2 Qc7 9. dxc5 Bxc5 10. Bxf6 gxf6 11. Nd4 e5 12. Bxh7+ Kxh7 13. Qh5+ Kg7 14. Nf5+ Bxf5 15. Qxf5 Rg8 16. h4 Qd6 17. b4 Bb6 18. 0-0 Qe6 19. Qf3 Kf8 20. Rac1 Ke7 21. c4 Rad8 22. cxd5 Qxd5 23. Ne4 Qe6 24. Nc5 Bxc5 25. Rxc5 Qg4 26. Qxg4 Rxg4 27. g3 Ke6 28. Kg2 Rd5 29. Rc3 Rg8 30. Kh3 Rc8 31. Rfc1 Kd7 32. a4 Ne7 33. Rxc8 Nxc8 34. h5 e4 35. g4 Rg5 36. Kh4 Ne7 37. Rc4 Re5 38. Kg3 Nc6 39. Kf4 Kd6 40. Rxe4 Rxe4+ 41. Kxe4 Ke7 42. Kf5 Kf8 43. b5 Ne7+ 44. Kxf6 Nd5+ 45. Ke5 Nc3 46. g5 Nxa4 47. Kd6 Nc3 48. f4 Nxb5+ 49. Kc5 Nc7 50. f5 a5 51. Kc4 b5+ 52. Kb3 a4+ 53. Ka3 Kg7 54. e4 Ne8 55. e5 Kg8 56. f6 Nc7 57. g6 fxg6 58. hxg6 Ne6 59. Kb4 Nf8 60. g7 Ne6 61. Ka3 Nxg7 62. fxg7 Kxg7 0-1

[Event "Barcelona Catalunya op 26th"]
[Site "Barcelona"]
[Date "2014.11.01"]
[Round "5"]
[White "Romero Funieles, Rafael de Jesus"]
[Black "Fernandez Benito, Carlos Pablo"]
[Result "1-0"]
[WhiteElo "1939"]
[BlackElo "1841"]
[PlyCount "73"]
[EventDate "2014.09.27"]
[EventType "swiss"]
[EventRounds "9"]
[EventCountry "ESP"]
[SourceTitle "EXT 2017"]
[Source "ChessBase"]
[SourceDate "2016.10.25"]
[SourceVersion "1"]
[SourceVersionDate "2016.10.25"]
[SourceQuality "1"]

1. e4 e6 2. Nf3 d5 3. exd5 exd5 4. h3 Bd6 5. d4 Be6 6. Bd3 h6 7. a3 Nc6 8. b4 a6 9. Nc3 Nge7 10. Na4 b6 11. Be3 Nxd4 12. Bxd4 Qd7 13. Nb2 c5 14. bxc5 bxc5 15. Bxg7 Rg8 16. Bf6 Rxg2 17. c3 c4 18. Bf1 Rg6 19. Be5 Nc6 20. Bxd6 Qxd6 21. Qa4 Bd7 22. Qc2 Qe7+ 23. Be2 Re6 24. Kd1 Na5 25. Rg1 0-0-0 26. Nd4 Re4 27. Na4 Rxd4+ 28. cxd4 Qf6 29. Ke1 Re8 30. Rg3 Qc6 31. Nc5 Nb7 32. Nxd7 Qxd7 33. Kf1 Qd6 34. Rb1 Na5 35. Qa4 Rxe2 36. Rg8+ Kc7 37. Qxa5+ 1-0

[Event "Barcelona Sant Marti op-B 15th"]
[Site "Barcelona"]
[Date "2013.07.19"]
[Round "7"]
[White "Fernandez Benito, Carlos Pablo"]
[Black "Pujal Moncho, Joaquim"]
[Result "0-1"]
[WhiteElo "1624"]
[BlackElo "1768"]
[PlyCount "66"]
[EventDate "2013.07.13"]
[EventType "swiss"]
[EventRounds "9"]
[EventCountry "ESP"]
[SourceTitle "CBM 155 Extra"]
[Source "ChessBase"]
[SourceDate "2013.08.26"]
[SourceVersion "1"]
[SourceVersionDate "2013.08.26"]
[SourceQuality "1"]

1. d4 d5 2. Nf3 e6 3. e3 f5 4. Nbd2 Nf6 5. b3 c6 6. a4 Bd6 7. Be2 0-0 8. Ne5 Nbd7 9. f4 Ne4 10. Nxe4 fxe4 11. 0-0 Nxe5 12. fxe5 Be7 13. c4 Bd7 14. c5 b6 15. b4 a5 16. Bd2 axb4 17. Bxb4 bxc5 18. Bxc5 Bxc5 19. dxc5 Rxf1+ 20. Qxf1 Qe7 21. Qc1 Ra5 22. Qd2 Qxc5 23. Bg4 Qa7 24. Rf1 Bc8 25. Qb4 c5 26. Qd2 Rxa4 27. Qf2 Qe7 28. h4 Bd7 29. h5 Ra8 30. Rb1 Rf8 31. Qg3 c4 32. Rb7 c3 33. Bxe6+ Qxe6 0-1

[Event "Barcelona Sant Marti op-B 15th"]
[Site "Barcelona"]
[Date "2013.07.18"]
[Round "6"]
[White "Rodriguez Monago, Juan Antonio"]
[Black "Fernandez Benito, Carlos Pablo"]
[Result "1/2-1/2"]
[WhiteElo "1445"]
[BlackElo "1624"]
[PlyCount "49"]
[EventDate "2013.07.13"]
[EventType "swiss"]
[EventRounds "9"]
[EventCountry "ESP"]
[SourceTitle "CBM 155 Extra"]
[Source "ChessBase"]
[SourceDate "2013.08.26"]
[SourceVersion "1"]
[SourceVersionDate "2013.08.26"]
[SourceQuality "1"]

1. d4 d5 2. c4 c6 3. e3 Bf5 4. Nc3 Nf6 5. Bd3 Bg4 6. Nf3 e6 7. Qc2 dxc4 8. Bxc4 Bf5 9. Bd3 Bxd3 10. Qxd3 Be7 11. 0-0 Nbd7 12. a3 0-0 13. b4 a5 14. b5 Nc5 15. Qc4 cxb5 16. Qxb5 Nce4 17. Nxe4 Nxe4 18. Qxb7 Nd6 19. Qb3 Bf6 20. a4 Qc7 21. Ba3 Rfb8 22. Qd3 Qd8 23. Rfb1 Rc8 24. Rc1 Rab8 25. Rab1 1/2-1/2

[Event "Llobregat op 3rd"]
[Site "Llobregat"]
[Date "2011.04.02"]
[Round "1"]
[White "Fernandez Benito, Carlos Pablo"]
[Black "Vargas Drechsler, Carlos"]
[Result "0-1"]
[WhiteElo "1609"]
[BlackElo "1941"]
[PlyCount "56"]
[EventDate "2011.04.02"]
[EventType "swiss"]
[EventRounds "7"]
[EventCountry "ESP"]
[SourceTitle "CBM 142 Extra"]
[Source "ChessBase"]
[SourceDate "2011.06.27"]
[SourceVersion "1"]
[SourceVersionDate "2011.06.27"]
[SourceQuality "1"]

1. d4 d5 2. Nf3 Nf6 3. Bf4 e6 4. Nbd2 c5 5. c3 Nc6 6. e3 Qb6 7. Qc2 cxd4 8. exd4 Bd7 9. Nb3 Rc8 10. Qd1 Nh5 11. Bg5 Bd6 12. Ne5 Nf6 13. Bxf6 gxf6 14. Nxd7 Kxd7 15. Qf3 Ke7 16. Be2 a5 17. 0-0 a4 18. Nc5 Bxc5 19. dxc5 Qxc5 20. Rfe1 Rcg8 21. Rad1 Ne5 22. Qh3 h5 23. Bf3 Ng4 24. Rd2 Rg5 25. g3 Ne5 26. Bg2 h4 27. Kh1 Ng4 28. Rd4 Nxf2+ 0-1